000 01697cam a22004934a 4500
001 muse91748
003 MdBmJHUP
005 20210127151824.0
006 m o d
007 cr||||||||nn|n
008 201010s2020 cau o 00 0 eng d
020 _a9781950192977
020 _z9781950192960
020 _z1950192962
035 _a(OCoLC)1195042887
040 _aMdBmJHUP
_cMdBmJHUP
100 1 _aZamler-Carhart, Sasha Kaoru.
245 1 0 _aThe Goths & Other Stories
_cSasha Kaoru Zamler-Carhart
264 1 _bProject MUSE,
264 3 _bProject MUSE,
300 _a1 online resource (1 online resource 251 pages : illustrations.)
500 _aThe text of this book is licensed under a Creative Commons Attribution-Non-Commercial-NoDerivatives 4.0 International License
500 _aTitle from content provider.
504 _aIncludes bibliographic references.
506 0 _aOpen Access
_fUnrestricted online access
_2star
520 _a
588 _aDescription based on print version record.
650 0 _aLinguistics.
650 0 _aLanguage and languages.
650 0 _aMusic theory.
650 0 _aPoetry.
651 0 _aByzantine Empire
_vFiction.
655 0 _aPoetry.
_2lcgft
655 0 _aElectronic books.
_2lcgft
655 7 _aElectronic books.
_2local
710 2 _aProject Muse.
710 2 _aProject Muse.
_edistributor
830 0 _aBook collections on Project MUSE.
856 4 0 _zFull text available:
_uhttps://muse.jhu.edu/book/77422/
999 _c27164
_d27164